| 000 | 01790cam a2200349 a 4500 | ||
|---|---|---|---|
| 003 | EG-GiCUC | ||
| 005 | 20250223030630.0 | ||
| 008 | 120603s2012 ua d f m 000 0 eng d | ||
| 040 |
_aEG-GiCUC _beng _cEG-GiCUC |
||
| 041 | 0 | _aeng | |
| 049 | _aDeposite | ||
| 097 | _aPh.D | ||
| 099 | _aCai01.11.15.Ph.D.2012.Ya.I | ||
| 100 | 0 | _aYasser Khamis Mohamed Abdallah | |
| 245 | 1 | 0 |
_aInfertility treatment outcome evaluation in infertile obese patients undergoing intracytoplasmic sperm injection / _cYasser Khamis Mohamed Abdallah ; Supervised Ismael Ibrahim Aboulfoutouh , Hazem Salah Eldeen Elashmawi , Mohamed Nagi Mohesen |
| 246 | 1 | 5 | _aتقييم ناتج علاج العقم في مرضى السمنة عن طريق الحقن المجهرى للسيتوبلازم |
| 260 |
_aCairo : _bYasser Khamis Mohamed Abdallah , _c2012 |
||
| 300 |
_a105 P. : _bcharts ; _c25cm |
||
| 502 | _aThesis (Ph.D.) - Cairo University - Faculty of Medicine - Department of Gynecology and Obstetrics | ||
| 520 | _aThe aim of this study to observe the impact of obesity on the outcome of IVF and ICSI cycles and to compare the outcome of IVF or ICSI treatments in obese patients to that in morbidly obese patients. A total of 120 patients undergoing ICSI cycles were categorized on the basis of body mass index: (group A 30-34.9 group B {u2265}35 and group C{u227A} 30 | ||
| 530 | _aIssued also as CD | ||
| 653 | 4 | _aAssisted reproduction treatment | |
| 653 | 4 | _aBody mass index | |
| 653 | 4 | _aIVF | |
| 700 | 0 |
_aHazem Salah Eldeen Elashmawi , _eSupervisor |
|
| 700 | 0 |
_aIsmael Ibrahim Aboulfoutouh , _eSupervisor |
|
| 700 | 0 |
_aMohamed Nagi Mohesen , _eSupervisor |
|
| 856 | _uhttp://172.23.153.220/th.pdf | ||
| 905 |
_aNazla _eRevisor |
||
| 905 |
_aSamia _eCataloger |
||
| 942 |
_2ddc _cTH |
||
| 999 |
_c38754 _d38754 |
||